LEADER 01242nam0 2200301 450 001 000045437 005 20181026121321.0 100 $a20181012d1928----km-y0itaa50------ba 101 0 $aita 102 $aIT 200 1 $a<> guida del vaccaro$fAlberto Romolotti 210 $aTorino [etc.]$c<> Paravia$d1928 215 $a89 p., XI carte di tav.$cill.$d16 cm 225 2 $aBiblioteca agricola Paravia$iSerie zootecnica 316 $aSu una delle pagine precedenti il frontespizio, firma autografa e data: Gioacchino Viggiani, 15 settembre 1928 410 0$12001$aBiblioteca agricola Paravia$iSerie zootecnica 606 1 $aVeterinaria$xManuali 606 2 $aBovini 676 $a636.089$v(22. ed.)$9Scienze veterinarie. Medicina veterinaria 700 1$aRomolotti,$bAlberto$068306 801 0$aIT$bUniversità della Basilicata - B.I.A.$gREICAT$2unimarc 912 $a000045437 996 $aGuida del vaccaro$91535745 997 $aUNIBAS CAT $aSTD119$b01$c20181012$lBAS01$h1654 CAT $aTTM$b30$c20181026$lBAS01$h1213 FMT Z30 -1$lBAS01$LBAS01$mBOOK$1BASA2$APolo Tecnico-Scientifico$2FVIG$BFondo Viggiani$3FVig/43793$643793$5T43793$7Collocato presso la Scuola di Agraria$820181012$f35$FStanza riservata LEADER 01317cam0-22004691i-450 001 990005745500403321 005 20190306123211.0 035 $a000574550 035 $aFED01000574550 035 $a(Aleph)000574550FED01 100 $a19990604d1960----km-y0itay50------ba 101 0 $aita 102 $aIT 105 $aaf--c---001yy 200 1 $aNapoli e dintorni$fTouring Club Italiano 205 $a4. ed 210 $aMilano$cTouring Club Italiano$d1960 215 $a660 p., 7 c. di tav., alcune ripieg.$cill.$d16 cm 225 1 $aGuida d'Italia$v19 610 0 $aGuide Italiane$aGeografia turistica 610 0 $aItalia$aGuide turistiche 676 $a046.003 676 $a914.5$v21$zita 710 02$aTouring club italiano$05623 801 0$aIT$bUNINA$gRICA$2UNIMARC 901 $aBK 912 $a990005745500403321 952 $a046.003.TCI.07$b17726$fDECGE 952 $a914.5 TCI 14 BIS$bARCH. 13136$fFLFBC 952 $a914.5 TCI 14$bST.ARTE 5084$fFLFBC 952 $a21.226$b3904$fDARST 952 $aSEZ.NA A 47$b8808$fFARBC 952 $aRGT 1313$b3699$fDARPU 952 $aI 1/28$b4472$fDINTR 959 $aDARPU 959 $aDECGE 959 $aFLFBC 959 $aDARST 959 $aFARBC 959 $aDINTR 996 $aNapoli e dintorni$9265956 997 $aUNINA